000
00254nam a2200097Ia 4500
001
830114
005
20250826172311.0
008
250824s9999 xx 000 0 und d
245
0
_a
KÜÇÜK ŞEYLER 1
_c
ÜSTÜN DÖKMEN
260
_b
REMZİ KİTABEVİ YAYINLARI
999
_c
830114
_d
830114